000 00269nam a2200097Ia 4500
001 1147469
005 20250827010311.0
008 250824s9999 xx 000 0 und d
245 0 _aKELOĞLAN YANLIŞLIKLAR GÜLDÜRÜSÜ
_cMAHMUT TUNABOYLU
260 _bKÜLTÜR BAKANLIĞI
999 _c1147469
_d1147469